000 01314cam a22003254a 4500
001 12467632
003 ARRUPE
005 20220413122858.0
008 010712s2000 enka b 001 0 eng
010 _a 2001271690
020 _a0761969403
020 _a0761969411 (pbk.)
040 _aDLC
_cDLC
_dDLC
042 _apcc
050 0 0 _aLC1203.G7
_bC56 2000
082 0 0 _a371.9/046
_221
100 1 _aClough, Peter,
_d1949-
_948443
245 1 0 _aTheories of inclusive education :
_ba student's guide /
_cPeter Clough and Jenny Corbett.
260 _aLondon :
_bChapman ;
_aThousand Oaks, Calif. :
_bSage,
_c2000.
300 _axiii, 185 p. :
_bill. ;
_c24 cm.
504 _aIncludes bibliographical references (p. 172-179) and index.
650 0 _aInclusive education
_zGreat Britain
_vCase studies.
_951343
650 0 _aTeachers of children with disabilities
_zGreat Britain
_vCase studies.
_951344
700 1 _aCorbett, Jenny,
_d1947-
_951345
856 4 2 _3Publisher description
_uhttp://www.loc.gov/catdir/enhancements/fy0656/2001271690-d.html
856 4 1 _3Table of contents only
_uhttp://www.loc.gov/catdir/enhancements/fy0656/2001271690-t.html
906 _a7
_bcbc
_corignew
_d2
_encip
_f20
_gy-gencatlg
942 _2lcc
_cMONOGRAPH
999 _c131309
_d131309